[Event "Rheinland Pfalz op 11th"]
[Site "Weilerbach"]
[Date "2019.06.20"]
[Round "1"]
[White "Wohde, Jens"]
[Black "Pittner Fleck, Michael"]
[Result "1-0"]
[WhiteElo "2007"]
[BlackElo "1542"]
[PlyCount "37"]
[EventDate "2019.06.20"]
[EventType "swiss"]
[EventRounds "7"]
[EventCountry "GER"]
[SourceTitle "CBM 191 Extra"]
[Source "ChessBase"]
[SourceDate "2019.09.30"]
[SourceVersion "1"]
[SourceVersionDate "2019.09.30"]
[SourceQuality "1"]

1. e4 e6 2. d4 c5 3. c3 b6 4. Nf3 h6 5. Bd3 Be7 6. 0-0 Nf6 7. Re1 0-0 8. Nbd2 Bb7 9. Qe2 d6 10. e5 Nh7 11. Ne4 d5 12. Ng3 Ng5 13. Nxg5 Bxg5 14. f4 Bh4 15. Qg4 Bxg3 16. hxg3 cxd4 17. f5 Kh8 18. Bxh6 gxh6 19. f6 1-0

[Event "SVR-ch MTA"]
[Site "Lahnstein"]
[Date "2019.04.14"]
[Round "4"]
[White "Marquardt, Christian"]
[Black "Wohde, Jens"]
[Result "1/2-1/2"]
[WhiteElo "2091"]
[BlackElo "1977"]
[PlyCount "35"]
[EventDate "2019.04.13"]
[EventType "tourn"]
[EventRounds "7"]
[EventCountry "GER"]
[SourceTitle "EXT 2021"]
[Source "ChessBase"]
[SourceDate "2020.10.23"]
[SourceVersion "1"]
[SourceVersionDate "2020.10.23"]
[SourceQuality "1"]

1. c4 c5 2. g3 g6 3. Bg2 Bg7 4. Nc3 Nc6 5. a3 e6 6. Rb1 Nge7 7. b4 cxb4 8. axb4 d5 9. cxd5 exd5 10. b5 Ne5 11. d4 Nc4 12. Nf3 Bf5 13. Ra1 0-0 14. 0-0 a6 15. bxa6 Rxa6 16. Rxa6 bxa6 17. Qa4 Qd6 18. Bf4 1/2-1/2

[Event "SVR-ch MT-B"]
[Site "Hennweiler"]
[Date "2018.03.31"]
[Round "7"]
[White "Schwab, Thomas"]
[Black "Wohde, Jens"]
[Result "0-1"]
[WhiteElo "1997"]
[BlackElo "1944"]
[PlyCount "126"]
[EventDate "2018.03.24"]
[EventType "tourn"]
[EventRounds "7"]
[EventCountry "GER"]
[SourceTitle "EXT 2020"]
[Source "ChessBase"]
[SourceDate "2019.10.17"]
[SourceVersion "1"]
[SourceVersionDate "2019.10.17"]
[SourceQuality "1"]

1. e4 e5 2. Bc4 Bc5 3. d4 Bxd4 4. Nf3 Nc6 5. Nxd4 Nxd4 6. Be3 Ne6 7. Nc3 Nf6 8. Qf3 d6 9. 0-0-0 0-0 10. h3 Re8 11. g4 Kh8 12. g5 Ng8 13. h4 Qe7 14. Qg3 c6 15. h5 b5 16. Bxb5 cxb5 17. Nd5 Qb7 18. g6 h6 19. gxf7 Qxf7 20. Rhg1 Bb7 21. Kb1 Bxd5 22. Rxd5 Nf4 23. Bxf4 exf4 24. Qd3 Nf6 25. Rxd6 Qxh5 26. f3 Qc5 27. Rg2 Qc4 28. Qd1 Qc7 29. Rgd2 Rab8 30. R2d3 Rb6 31. R6d4 Rc6 32. Qd2 Rc4 33. Rxc4 Qxc4 34. b3 Qc7 35. Rd6 Rc8 36. e5 Ne8 37. Rd5 g5 38. Qd3 Qh7 39. Qd2 Qe7 40. Qd3 Qh7 41. Qd2 a6 42. b4 Qf5 43. Kb2 Ng7 44. c3 h5 45. Qd4 Ne6 46. Qb6 h4 47. Qxa6 Rd8 48. Rxd8+ Nxd8 49. Qxb5 Ne6 50. Qe8+ Kg7 51. b5 Qxe5 52. b6 Qe2+ 53. Ka3 Qa6+ 54. Kb2 Qxb6+ 55. Kc1 Qe3+ 56. Kb2 Kf6 57. Qh8+ Ke7 58. Qa8 h3 59. Qb7+ Kf6 60. Qh7 Qxf3 61. Ka3 Qxc3+ 62. Ka4 Nc5+ 63. Kb5 Qd3+ 0-1

[Event "SVR-ch MT-B"]
[Site "Hennweiler"]
[Date "2018.03.29"]
[Round "5"]
[White "Wohde, Jens"]
[Black "Buhr, Patrick"]
[Result "1-0"]
[WhiteElo "1944"]
[BlackElo "1785"]
[PlyCount "49"]
[EventDate "2018.03.24"]
[EventType "tourn"]
[EventRounds "7"]
[EventCountry "GER"]
[SourceTitle "EXT 2020"]
[Source "ChessBase"]
[SourceDate "2019.10.17"]
[SourceVersion "1"]
[SourceVersionDate "2019.10.17"]
[SourceQuality "1"]

1. e4 Nf6 2. Nc3 d6 3. d4 g6 4. Nf3 Bg7 5. Bd3 0-0 6. Ne2 Nbd7 7. h4 c5 8. c3 b6 9. Ng3 cxd4 10. Nxd4 Bb7 11. h5 Nc5 12. hxg6 hxg6 13. f3 Nxd3+ 14. Qxd3 Qc7 15. Qe3 Nd7 16. Ngf5 gxf5 17. Nxf5 f6 18. Nxg7 Kxg7 19. Qh6+ Kf7 20. Qh5+ Ke6 21. Qf5+ Kf7 22. Rh7+ Ke8 23. Bh6 Qc5 24. Qe6 Qe5 25. Rxe7+ 1-0

[Event "SVR-ch MAT"]
[Site "Heimbach Weis"]
[Date "2017.04.13"]
[Round "6"]
[White "Wohde, Jens"]
[Black "Ley, Sabrina"]
[Result "0-1"]
[WhiteElo "1953"]
[BlackElo "1880"]
[PlyCount "80"]
[EventDate "2017.04.07"]
[EventType "tourn"]
[EventRounds "9"]
[EventCountry "GER"]
[SourceTitle "EXT 2020"]
[Source "ChessBase"]
[SourceDate "2019.10.17"]
[SourceVersion "1"]
[SourceVersionDate "2019.10.17"]
[SourceQuality "1"]

1. e4 c5 2. Nf3 a6 3. c3 g6 4. d4 Bg7 5. dxc5 Qc7 6. Nbd2 Qxc5 7. Nb3 Qc7 8. Be2 b5 9. 0-0 Bb7 10. Nfd2 Nf6 11. f3 0-0 12. a4 d5 13. axb5 axb5 14. Rxa8 Bxa8 15. Nd4 b4 16. Qa4 bxc3 17. bxc3 Nbd7 18. Nb5 Qb6+ 19. Kh1 Nc5 20. Qb4 dxe4 21. Nc4 Qc6 22. Ne5 Qc8 23. Na7 Qc7 24. Nac6 exf3 25. Bxf3 Nd3 26. Qxe7 Qxe7 27. Nxe7+ Kh8 28. Bg5 Bxf3 29. Bxf6 Bxf6 30. Rxf3 Bxe7 31. Nc6 Ra8 32. h3 Ra1+ 33. Kh2 Bd6+ 34. g3 Ra2+ 35. Kg1 Bc5+ 36. Nd4 Ne5 37. Re3 Nc6 38. Kf1 Nxd4 39. cxd4 Bxd4 40. Rd3 Be5 0-1

[Event "SVR-ch MAT"]
[Site "Heimbach Weis"]
[Date "2017.04.09"]
[Round "4"]
[White "Wohde, Jens"]
[Black "Warkentin, Peter"]
[Result "1-0"]
[WhiteElo "1953"]
[BlackElo "1810"]
[PlyCount "131"]
[EventDate "2017.04.07"]
[EventType "tourn"]
[EventRounds "9"]
[EventCountry "GER"]
[SourceTitle "EXT 2020"]
[Source "ChessBase"]
[SourceDate "2019.10.17"]
[SourceVersion "1"]
[SourceVersionDate "2019.10.17"]
[SourceQuality "1"]

1. e4 d5 2. exd5 Nf6 3. Nc3 Nxd5 4. Bc4 e6 5. Nf3 Nxc3 6. bxc3 Nd7 7. 0-0 Be7 8. d4 c6 9. Re1 Nf6 10. Qe2 0-0 11. Bd2 b6 12. Ne5 Qc7 13. Bf4 Nd5 14. Bxd5 cxd5 15. Ng6 Qd7 16. Nxf8 Kxf8 17. Qh5 Kg8 18. Re3 g6 19. Qh6 Bf8 20. Qh4 f5 21. Rh3 Qf7 22. Be5 Be7 23. Qh6 Bf8 24. Qf4 Bd7 25. Rg3 h6 26. h4 Kh7 27. Rd3 Bb5 28. Rdd1 Rc8 29. a4 Be8 30. Qd2 a6 31. Qd3 b5 32. a5 Be7 33. g3 Bd7 34. Kg2 Rg8 35. Rh1 Bf6 36. Qe3 Qg7 37. Bxf6 Qxf6 38. Qf4 Qe7 39. Rae1 Rc8 40. Qf3 Qf7 41. Re3 Rc6 42. Qf4 Kg7 43. Rf3 Qf6 44. Qb8 Qe7 45. Qe5+ Qf6 46. Qxf6+ Kxf6 47. g4 e5 48. dxe5+ Kxe5 49. Re1+ Kf6 50. Rd1 Ke5 51. Re3+ Kd6 52. g5 Rc4 53. Rd4 hxg5 54. Rxc4 bxc4 55. hxg5 f4 56. Re1 Bf5 57. Rb1 Be4+ 58. Kf1 Bxc2 59. Rb6+ Kc5 60. Rxa6 d4 61. cxd4+ Kxd4 62. Ke1 Kc5 63. Kd2 Bd3 64. Rf6 Bf5 65. Rxf5+ gxf5 66. g6 1-0

[Event "SVR-ch MAT"]
[Site "Heimbach Weis"]
[Date "2017.04.08"]
[Round "2"]
[White "Wohde, Jens"]
[Black "Endres, Thomas"]
[Result "1-0"]
[WhiteElo "1953"]
[BlackElo "1841"]
[PlyCount "53"]
[EventDate "2017.04.07"]
[EventType "tourn"]
[EventRounds "9"]
[EventCountry "GER"]
[SourceTitle "EXT 2020"]
[Source "ChessBase"]
[SourceDate "2019.10.17"]
[SourceVersion "1"]
[SourceVersionDate "2019.10.17"]
[SourceQuality "1"]

1. e4 Nc6 2. Nf3 e5 3. Bc4 Be7 4. d4 d6 5. c3 Nf6 6. 0-0 0-0 7. Nbd2 Bg4 8. h3 Bh5 9. g4 Bg6 10. Re1 h6 11. Nh4 Kh7 12. d5 Nb8 13. Bd3 Nfd7 14. Nf5 Bg5 15. Nf3 Bxc1 16. Qxc1 Nc5 17. Bc2 Nbd7 18. b4 Na6 19. g5 Bh5 20. gxh6 Bxf3 21. hxg7 Qf6 22. gxf8Q Rxf8 23. Kh2 Rg8 24. Rg1 Rg6 25. Qe3 Bh5 26. Rg3 Rxg3 27. fxg3 1-0

[Event "SVR-ch MAT"]
[Site "Heimbach Weis"]
[Date "2017.04.07"]
[Round "1"]
[White "Buhr, Patrick"]
[Black "Wohde, Jens"]
[Result "0-1"]
[WhiteElo "1737"]
[BlackElo "1953"]
[PlyCount "110"]
[EventDate "2017.04.07"]
[EventType "tourn"]
[EventRounds "9"]
[EventCountry "GER"]
[SourceTitle "EXT 2020"]
[Source "ChessBase"]
[SourceDate "2019.10.17"]
[SourceVersion "1"]
[SourceVersionDate "2019.10.17"]
[SourceQuality "1"]

1. c4 e5 2. Nc3 Nf6 3. g3 Nc6 4. Bg2 d6 5. Nf3 Be7 6. 0-0 0-0 7. a3 Be6 8. d3 h6 9. b4 Qd7 10. Bb2 Bh3 11. Rc1 Bxg2 12. Kxg2 Nh7 13. e4 Bg5 14. Nxg5 Nxg5 15. Qh5 f6 16. f4 Ne6 17. f5 Ned4 18. Rf2 Qf7 19. Qg4 Nb3 20. Rg1 a5 21. Qd1 axb4 22. Qxb3 bxc3 23. Bxc3 b6 24. Ra1 Rfb8 25. a4 Na5 26. Bxa5 bxa5 27. Qc3 c5 28. Rb2 Rb4 29. Rxb4 cxb4 30. Qb3 Kf8 31. Rd1 Rc8 32. Rd2 Qc7 33. g4 Qc5 34. Kf3 Qg1 35. Qc2 Qf1+ 36. Kg3 Qf4+ 37. Kh3 Qf3+ 38. Kh4 Ke7 39. d4 h5 40. Qd1 hxg4 41. Qxf3 gxf3 42. dxe5 fxe5 43. Kg3 Rxc4 44. Kxf3 Rc3+ 45. Kg4 Re3 46. h4 Rxe4+ 47. Kg5 b3 48. Kg6 Rg4+ 49. Kh5 Rxa4 50. Rg2 Kf7 51. Kg5 Rb4 52. f6 gxf6+ 53. Kh5 b2 54. Rg7+ Ke6 55. Kh6 Rxh4+ 0-1

[Event "Rheinland Pfalz op 8th"]
[Site "Reil an der Mosel"]
[Date "2016.05.28"]
[Round "5"]
[White "Wohde, Jens"]
[Black "Weber, Frank"]
[Result "1-0"]
[WhiteElo "1947"]
[BlackElo "1667"]
[PlyCount "71"]
[EventDate "2016.05.26"]
[EventType "swiss"]
[EventRounds "7"]
[EventCountry "GER"]
[SourceTitle "EXT 2018"]
[Source "ChessBase"]
[SourceDate "2017.10.13"]
[SourceVersion "1"]
[SourceVersionDate "2017.10.13"]
[SourceQuality "1"]

1. e4 e6 2. d4 d5 3. exd5 exd5 4. Nf3 Nf6 5. Bg5 Nbd7 6. c4 Be7 7. Nc3 c6 8. Bd3 0-0 9. 0-0 dxc4 10. Bxc4 Nb6 11. Bb3 Bg4 12. Re1 Re8 13. Bxf7+ Kxf7 14. Ne5+ Kf8 15. Nxg4 Nxg4 16. Bxe7+ Rxe7 17. Qxg4 Rxe1+ 18. Rxe1 Qf6 19. Qe4 Kg8 20. d5 cxd5 21. Nxd5 Nxd5 22. Qxd5+ Qf7 23. Qxf7+ Kxf7 24. Rc1 Re8 25. Rc7+ Kf6 26. Kf1 Rb8 27. b4 a6 28. Ke2 h5 29. a4 g5 30. h3 Re8+ 31. Kf3 b5 32. axb5 axb5 33. Rc6+ Re6 34. Rxe6+ Kxe6 35. Ke4 h4 36. g4 1-0

[Event "Rheinland Pfalz op 8th"]
[Site "Reil an der Mosel"]
[Date "2016.05.26"]
[Round "2"]
[White "Wilhelm, Till"]
[Black "Wohde, Jens"]
[Result "1/2-1/2"]
[WhiteElo "2246"]
[BlackElo "1947"]
[PlyCount "98"]
[EventDate "2016.05.26"]
[EventType "swiss"]
[EventRounds "7"]
[EventCountry "GER"]
[SourceTitle "EXT 2018"]
[Source "ChessBase"]
[SourceDate "2017.10.13"]
[SourceVersion "1"]
[SourceVersionDate "2017.10.13"]
[SourceQuality "1"]

1. d4 Nf6 2. Bg5 d5 3. e3 e6 4. Bd3 Nbd7 5. f4 c5 6. c3 Be7 7. Nd2 Qc7 8. Ngf3 c4 9. Bb1 b5 10. a3 Bb7 11. 0-0 Ne4 12. Bxe7 Nxd2 13. Nxd2 Kxe7 14. e4 dxe4 15. Bxe4 Bxe4 16. Nxe4 Nf6 17. Nxf6 gxf6 18. f5 Qc6 19. fxe6 fxe6 20. Qh5 Rag8 21. Rf2 Rg5 22. Qh4 h6 23. Re1 Rhg8 24. g3 R8g6 25. Rfe2 Rg4 26. Qh5 R4g5 27. Rxe6+ Qxe6 28. Rxe6+ Kxe6 29. Qf3 h5 30. Kg2 f5 31. Qc6+ Ke7 32. Qc5+ Kd8 33. Qxb5 h4 34. Qb8+ Ke7 35. Qxa7+ Kd6 36. Qc5+ Kd7 37. Qxc4 hxg3 38. Qb5+ Ke6 39. Qe8+ Kd5 40. Qe5+ Kc4 41. hxg3 Kd3 42. Kf2 Kc4 43. a4 Kb3 44. Qb8+ Kc2 45. a5 Rg8 46. Qb4 Rxg3 47. a6 R8g4 48. Qb8 Rd3 49. a7 Rd2+ 1/2-1/2

[Event "Rheinland Pfalz op 6th"]
[Site "Gau Algesheim"]
[Date "2014.06.20"]
[Round "3"]
[White "Karsay, Pascal"]
[Black "Wohde, Jens"]
[Result "1-0"]
[WhiteElo "1779"]
[BlackElo "1968"]
[PlyCount "107"]
[EventDate "2014.06.19"]
[EventType "swiss"]
[EventRounds "7"]
[EventCountry "GER"]
[SourceTitle "CBM 161 Extra"]
[Source "ChessBase"]
[SourceDate "2014.08.29"]
[SourceVersion "1"]
[SourceVersionDate "2014.08.29"]
[SourceQuality "1"]

1. c4 Nf6 2. Nc3 e6 3. d4 c5 4. Nf3 cxd4 5. Nxd4 Nc6 6. g3 Bb4 7. Bg2 Bxc3+ 8. bxc3 Qa5 9. 0-0 a6 10. Nxc6 dxc6 11. Qd6 Qd8 12. Qxd8+ Kxd8 13. Rd1+ Ke8 14. Rb1 Nd7 15. Ba3 f5 16. Rd6 e5 17. Rbd1 Kd8 18. Bh3 Kc7 19. Bxf5 Nf6 20. Bxc8 Raxc8 21. Re6 Rce8 22. Bd6+ Kc8 23. Rxe5 Ne4 24. Rxe8+ Rxe8 25. Bb4 b6 26. Rd3 c5 27. Ba3 Rd8 28. Rxd8+ Kxd8 29. Bb2 Nd2 30. Bc1 Nxc4 31. e4 Ne5 32. f4 Nd3 33. Bd2 b5 34. Kf1 Kd7 35. Ke2 Nb2 36. f5 a5 37. e5 b4 38. cxb4 axb4 39. g4 Na4 40. h4 Nb6 41. g5 Nd5 42. Kd3 g6 43. Kc4 Kc6 44. f6 Nb6+ 45. Kb3 Kd5 46. Bxb4 cxb4 47. Kxb4 Nd7 48. Kb5 Nxe5 49. a4 Kd6 50. a5 Nd7 51. a6 Nf8 52. a7 Ne6 53. Kb6 Nc7 54. f7 1-0

[Event "Rheinland Pfalz op 6th"]
[Site "Gau Algesheim"]
[Date "2014.06.19"]
[Round "1"]
[White "Hinrichs, Paul"]
[Black "Wohde, Jens"]
[Result "0-1"]
[WhiteElo "1532"]
[BlackElo "1968"]
[PlyCount "40"]
[EventDate "2014.06.19"]
[EventType "swiss"]
[EventRounds "7"]
[EventCountry "GER"]
[SourceTitle "CBM 161 Extra"]
[Source "ChessBase"]
[SourceDate "2014.08.29"]
[SourceVersion "1"]
[SourceVersionDate "2014.08.29"]
[SourceQuality "1"]

1. d4 Nf6 2. c4 e6 3. Nc3 c5 4. d5 exd5 5. cxd5 d6 6. Nf3 g6 7. Bg5 Bg7 8. e4 0-0 9. Bd3 Na6 10. 0-0 Bg4 11. Bxa6 bxa6 12. h3 Bd7 13. Re1 Qb6 14. e5 dxe5 15. Nxe5 Qxb2 16. Bxf6 Bxf6 17. Re2 Qxc3 18. Nxd7 Qxa1 19. Qxa1 Bxa1 20. Nxf8 Kxf8 0-1

[Event "SVR-op"]
[Site "Heimbach Weis"]
[Date "2014.04.18"]
[Round "6"]
[White "Ries, Alexander"]
[Black "Wohde, Jens"]
[Result "1/2-1/2"]
[WhiteElo "1903"]
[BlackElo "1874"]
[PlyCount "29"]
[EventDate "2014.04.11"]
[EventType "swiss"]
[EventRounds "7"]
[EventCountry "GER"]
[SourceTitle "CBM 160 Extra"]
[Source "ChessBase"]
[SourceDate "2014.07.01"]
[SourceVersion "1"]
[SourceVersionDate "2014.07.01"]
[SourceQuality "1"]

1. e4 c6 2. d4 d5 3. exd5 cxd5 4. c4 Nf6 5. Nc3 Nc6 6. Nf3 Bg4 7. cxd5 Bxf3 8. gxf3 Nxd5 9. Qb3 e6 10. Qxb7 Nxd4 11. Bb5+ Nxb5 12. Qc6+ Ke7 13. Qxb5 Qd7 14. Qxd7+ Kxd7 15. Nxd5 1/2-1/2

[Event "SVR-op"]
[Site "Heimbach Weis"]
[Date "2014.04.12"]
[Round "2"]
[White "Senger, Alexander"]
[Black "Wohde, Jens"]
[Result "0-1"]
[WhiteElo "1644"]
[BlackElo "1874"]
[PlyCount "114"]
[EventDate "2014.04.11"]
[EventType "swiss"]
[EventRounds "7"]
[EventCountry "GER"]
[SourceTitle "CBM 160 Extra"]
[Source "ChessBase"]
[SourceDate "2014.07.01"]
[SourceVersion "1"]
[SourceVersionDate "2014.07.01"]
[SourceQuality "1"]

1. e4 c6 2. d4 d5 3. exd5 cxd5 4. Nf3 Nf6 5. Nc3 Nc6 6. Bb5 Bd7 7. 0-0 e6 8. Bg5 Be7 9. Re1 0-0 10. a3 a6 11. Bd3 h6 12. Be3 Rc8 13. Ne2 Ne4 14. c3 Qc7 15. Nd2 f5 16. Bf4 Qd8 17. f3 Nf6 18. Ng3 g5 19. Be5 Nxe5 20. Rxe5 Bd6 21. Re2 Qc7 22. Ndf1 Rce8 23. Rc1 f4 24. Nh1 e5 25. dxe5 Bc5+ 26. Nf2 Rxe5 27. c4 Rxe2 28. Qxe2 Re8 29. Qd2 dxc4 30. Bxc4+ Kg7 31. Kh1 Bxf2 32. Qxf2 Rc8 33. Rc2 Qc5 34. Qd2 Qe5 35. h3 Bf5 36. Rc1 Re8 37. a4 Re7 38. Qb4 h5 39. Nd2 g4 40. h4 g3 41. Nf1 Ne8 42. Bd5 Bd3 43. Bxb7 Bxf1 44. Rxf1 Qf6 45. Qc3 Qxc3 46. bxc3 Rxb7 47. Rc1 Nd6 48. Kg1 Rb2 49. c4 Nxc4 50. Kf1 Ne3+ 51. Ke1 Nxg2+ 52. Kd1 Ne3+ 53. Ke1 g2 54. Rc7+ Kf6 55. Rc6+ Ke5 56. Rg6 Rb1+ 57. Kf2 Rf1+ 0-1

[Event "SVR-op"]
[Site "Heimbach Weis"]
[Date "2014.04.12"]
[Round "1"]
[White "Wohde, Jens"]
[Black "Berresheim, Holger"]
[Result "1-0"]
[WhiteElo "1874"]
[BlackElo "1576"]
[PlyCount "37"]
[EventDate "2014.04.11"]
[EventType "swiss"]
[EventRounds "7"]
[EventCountry "GER"]
[SourceTitle "CBM 160 Extra"]
[Source "ChessBase"]
[SourceDate "2014.07.01"]
[SourceVersion "1"]
[SourceVersionDate "2014.07.01"]
[SourceQuality "1"]

1. e4 e5 2. Nf3 d6 3. Bc4 Be7 4. Nc3 Nf6 5. d3 0-0 6. Ne2 Nbd7 7. Ng3 Nb6 8. Bb3 Be6 9. h4 Bxb3 10. axb3 c6 11. h5 Qc7 12. Nf5 d5 13. N3h4 dxe4 14. dxe4 Rfd8 15. Qf3 Rd7 16. h6 Bf8 17. hxg7 Bxg7 18. Nxg7 Kxg7 19. Bh6+ 1-0

[Event "SVR-ch MAT-I 34th"]
[Site "Reil"]
[Date "2011.04.15"]
[Round "1"]
[White "Mueller, David"]
[Black "Wohde, Jens"]
[Result "1/2-1/2"]
[WhiteElo "1863"]
[BlackElo "1968"]
[PlyCount "117"]
[EventDate "2011.04.15"]
[EventType "tourn"]
[EventRounds "9"]
[EventCountry "GER"]
[SourceTitle "EXT 2013"]
[Source "ChessBase"]
[SourceDate "2012.11.22"]
[SourceVersion "1"]
[SourceVersionDate "2012.11.22"]
[SourceQuality "1"]

1. e4 c6 2. d4 d5 3. exd5 cxd5 4. Bd3 Nc6 5. c3 g6 6. Nf3 Bg7 7. Bf4 Nf6 8. Nbd2 0-0 9. 0-0 Re8 10. Re1 Nh5 11. Be3 Qc7 12. Nf1 Nf4 13. Bc2 b5 14. Bb3 e6 15. Bxf4 Qxf4 16. Bxd5 Bb7 17. Be4 Red8 18. Qe2 a6 19. N1d2 Rab8 20. Nb3 Qd6 21. Nc5 Bc8 22. Rad1 Ne7 23. b4 Nd5 24. Qd2 Nb6 25. Bd3 Bb7 26. Nxb7 Rxb7 27. Qe2 Rc7 28. Ng5 Nd5 29. Ne4 Nxc3 30. Nxd6 Nxe2+ 31. Bxe2 Rxd6 32. d5 Rxd5 33. Rxd5 exd5 34. Rd1 d4 35. Bd3 Bf8 36. Bf1 Bg7 37. Bd3 Rc3 38. Rd2 Rc1+ 39. Bf1 Rb1 40. a3 Rb3 41. Rd3 Rxd3 42. Bxd3 Kf8 43. Kf1 Bh6 44. Be4 Bc1 45. Bb7 Bxa3 46. Bxa6 d3 47. Bxb5 d2 48. Ke2 Bxb4 49. Ba4 Ke7 50. Bb3 f6 51. Bc2 f5 52. Bb3 Kf6 53. Bc2 h6 54. Bd1 g5 55. Kd3 Ke5 56. h3 Kf6 57. Bf3 Kg6 58. Bd1 h5 59. f3 1/2-1/2

[Event "SVR-ch MAT-I 33rd"]
[Site "Mendig"]
[Date "2010.04.02"]
[Round "8"]
[White "Kopp, Sascha"]
[Black "Wohde, Jens"]
[Result "1/2-1/2"]
[WhiteElo "1945"]
[BlackElo "1968"]
[PlyCount "22"]
[EventDate "2010.03.26"]
[EventType "tourn"]
[EventRounds "9"]
[EventCountry "GER"]
[SourceTitle "EXT 2011"]
[Source "ChessBase"]
[SourceDate "2010.11.26"]
[SourceVersion "1"]
[SourceVersionDate "2010.11.26"]
[SourceQuality "1"]

1. f4 d5 2. Nf3 Nf6 3. e3 Bg4 4. d4 e6 5. Nbd2 c5 6. c3 cxd4 7. exd4 Bd6 8. Qa4+ Nbd7 9. Ne5 a6 10. Bd3 Bxe5 11. fxe5 Nh5 1/2-1/2

[Event "SVR-ch MAT-I 33rd"]
[Site "Mendig"]
[Date "2010.04.01"]
[Round "6"]
[White "Barzen, Pascal"]
[Black "Wohde, Jens"]
[Result "1/2-1/2"]
[WhiteElo "1868"]
[BlackElo "1968"]
[PlyCount "66"]
[EventDate "2010.03.26"]
[EventType "tourn"]
[EventRounds "9"]
[EventCountry "GER"]
[SourceTitle "EXT 2011"]
[Source "ChessBase"]
[SourceDate "2010.11.26"]
[SourceVersion "1"]
[SourceVersionDate "2010.11.26"]
[SourceQuality "1"]

1. e4 c6 2. d4 d5 3. e5 Na6 4. Nc3 Nc7 5. Bd3 g6 6. Nge2 h5 7. Nf4 Bg4 8. f3 Bf5 9. Bxf5 gxf5 10. e6 Nxe6 11. Nxe6 fxe6 12. 0-0 Bh6 13. Re1 Qd6 14. a4 Kf7 15. Ne2 Nf6 16. Bxh6 Rxh6 17. Qd2 Rah8 18. Nf4 Nd7 19. Re2 Rf6 20. Rae1 Nf8 21. Kh1 h4 22. Re5 Rhh6 23. R1e2 Nd7 24. Nh3 Rfg6 25. R5e3 Nb6 26. b3 Nd7 27. Qe1 Nf8 28. Re5 Nh7 29. a5 a6 30. b4 Ng5 31. Nxg5+ Rxg5 32. c3 Rhg6 33. Qd2 Rh5 1/2-1/2

[Event "SVR-ch MAT-I 33rd"]
[Site "Mendig"]
[Date "2010.03.28"]
[Round "5"]
[White "Wohde, Jens"]
[Black "Welsch, Dieter"]
[Result "1-0"]
[WhiteElo "1968"]
[BlackElo "1678"]
[PlyCount "81"]
[EventDate "2010.03.26"]
[EventType "tourn"]
[EventRounds "9"]
[EventCountry "GER"]
[SourceTitle "EXT 2011"]
[Source "ChessBase"]
[SourceDate "2010.11.26"]
[SourceVersion "1"]
[SourceVersionDate "2010.11.26"]
[SourceQuality "1"]

1. e4 e5 2. Nf3 Nc6 3. Bc4 Bc5 4. c3 d6 5. d3 Nf6 6. h3 h6 7. Nbd2 Qe7 8. 0-0 0-0 9. Bb3 b5 10. Re1 Bb7 11. Nf1 a5 12. Ng3 Nh7 13. Nf5 Qf6 14. Nh2 Kh8 15. Ng4 Qg6 16. d4 exd4 17. cxd4 Bb4 18. Re3 a4 19. Bc2 Rae8 20. e5 Qh5 21. Qd3 dxe5 22. Nxg7 e4 23. Rxe4 Qg6 24. Rxe8 Qxd3 25. Rxf8+ Nxf8 26. Bxd3 Kxg7 27. Bxh6+ Kh8 28. Bxf8 Bxf8 29. Bxb5 Nxd4 30. Bxa4 Bd6 31. Re1 f5 32. Ne5 Kg7 33. f4 Be4 34. Kf2 Kf6 35. g4 c5 36. g5+ Kg7 37. Rxe4 fxe4 38. Ke3 Bxe5 39. fxe5 Ne6 40. Bc2 Nxg5 41. h4 1-0

[Event "SVR-ch MAT-I 33rd"]
[Site "Mendig"]
[Date "2010.03.26"]
[Round "1"]
[White "Wohde, Jens"]
[Black "Zittro, Carl"]
[Result "1-0"]
[WhiteElo "1968"]
[BlackElo "1512"]
[PlyCount "41"]
[EventDate "2010.03.26"]
[EventType "tourn"]
[EventRounds "9"]
[EventCountry "GER"]
[SourceTitle "EXT 2011"]
[Source "ChessBase"]
[SourceDate "2010.11.26"]
[SourceVersion "1"]
[SourceVersionDate "2010.11.26"]
[SourceQuality "1"]

1. e4 c5 2. Nc3 Nc6 3. g3 Nf6 4. Bg2 e5 5. d3 h6 6. Nge2 d6 7. 0-0 Bg4 8. f3 Be6 9. f4 Bg4 10. h3 Bxe2 11. Nxe2 Be7 12. c3 d5 13. fxe5 Nxe5 14. Bf4 Ng6 15. Qa4+ Kf8 16. e5 Nd7 17. e6 Nb6 18. Qc2 Nxf4 19. Nxf4 g5 20. Ng6+ Kg7 21. Rxf7+ 1-0

[Event "Rheinland-ch MT-B 28th"]
[Site "Trier"]
[Date "2005.??.??"]
[Round "3"]
[White "Dany, Alexander"]
[Black "Wohde, Jens"]
[Result "1-0"]
[WhiteElo "1870"]
[BlackElo "1970"]
[PlyCount "93"]
[EventDate "2005.03.??"]
[EventType "tourn"]
[EventRounds "9"]
[EventCountry "GER"]
[SourceTitle "EXT 2009"]
[Source "ChessBase"]
[SourceDate "2008.11.26"]
[SourceVersion "1"]
[SourceVersionDate "2008.11.26"]
[SourceQuality "1"]

1. Nf3 Nf6 2. d4 e6 3. c4 c5 4. d5 exd5 5. cxd5 d6 6. Nc3 g6 7. e4 Bg7 8. Bd3 0-0 9. 0-0 Na6 10. Bf4 Nc7 11. Nd2 Nh5 12. Be3 a6 13. a4 Qh4 14. f4 Bg4 15. Qe1 Qxe1 16. Raxe1 Rfd8 17. h3 Bd7 18. Nc4 Be8 19. Nb6 Rab8 20. g4 Nf6 21. g5 Nd7 22. Nc4 Nf8 23. a5 Bb5 24. Rc1 Bxc4 25. Bxc4 b5 26. axb6 Rxb6 27. Na4 Rb4 28. b3 Nd7 29. Rfe1 Rb7 30. Kg2 Nb5 31. Bd2 Re8 32. Nc3 Bxc3 33. Bxc3 Nxc3 34. Rxc3 Rb4 35. Rce3 a5 36. e5 dxe5 37. fxe5 Nb6 38. Rc1 a4 39. d6 Nxc4 40. Rxc4 Rxc4 41. bxc4 Kf8 42. Kf3 a3 43. Rxa3 f5 44. Kf4 Rb8 45. e6 Rb4 46. Ke5 Rxc4 47. Kf6 1-0

[Event "Rheinland-ch MT-B 28th"]
[Site "Trier"]
[Date "2005.??.??"]
[Round "8"]
[White "Hastrich, Julian"]
[Black "Wohde, Jens"]
[Result "0-1"]
[WhiteElo "1715"]
[BlackElo "1970"]
[PlyCount "118"]
[EventDate "2005.03.??"]
[EventType "tourn"]
[EventRounds "9"]
[EventCountry "GER"]
[SourceTitle "EXT 2009"]
[Source "ChessBase"]
[SourceDate "2008.11.26"]
[SourceVersion "1"]
[SourceVersionDate "2008.11.26"]
[SourceQuality "1"]

1. e4 c6 2. d4 d5 3. e5 Na6 4. c3 Nc7 5. Bd3 g6 6. f4 h5 7. Nf3 Nh6 8. Be3 Bf5 9. Nh4 Qd7 10. Nxf5 Nxf5 11. Bf2 Bh6 12. g3 0-0-0 13. Nd2 Bg7 14. Nf3 Nh6 15. Qe2 Ng4 16. a4 Nxf2 17. Kxf2 e6 18. b4 Bf8 19. Rhb1 b6 20. Qb2 Be7 21. h4 Ne8 22. b5 c5 23. a5 Qb7 24. Ra4 c4 25. Bf1 Nc7 26. axb6 axb6 27. Rba1 Kd7 28. Ra7 Qb8 29. Ng5 Ke8 30. Bh3 Kf8 31. Qb1 Kg7 32. R1a2 Rhe8 33. Kg1 Qc8 34. Kh2 Qd7 35. Qa1 Rc8 36. Rb2 Qd8 37. Qa2 Ra8 38. Rxa8 Qxa8 39. Qb1 Qa5 40. Ra2 Qxc3 41. Ra7 Qb3 42. Qxb3 cxb3 43. Bf1 b2 44. Bd3 Nxb5 45. Bxb5 b1Q 46. Bxe8 Bxg5 47. hxg5 Qc2+ 48. Kg1 Qd1+ 49. Kg2 Qe2+ 50. Kg1 Qg4 51. Rxf7+ Kg8 52. Kf2 h4 53. gxh4 Qxh4+ 54. Ke3 Qe1+ 55. Kd3 Qd1+ 56. Kc3 Qc1+ 57. Kd3 Qc8 58. Re7 Kf8 59. Rh7 Qc4+ 0-1